Object relations family therapy
Saved in:
| Main Author: | |
|---|---|
| Other Authors: | |
| Format: | Book |
| Language: | English |
| Published: |
London :
Jason Aronson,
1987
|
| Subjects: | |
| Tags: |
Add Tag
No Tags, Be the first to tag this record!
|
MARC
| LEADER | 00000nam a2200000 i 4500 | ||
|---|---|---|---|
| 001 | 1/73498 | ||
| 008 | 970826s1987 eng d | ||
| 020 | |a 0-87668-517-3 | ||
| 035 | |a 1993 |b 2 |c Καϊλα |l 10031531 | ||
| 040 | |a GR-MY-UA |b gre |e aacr | ||
| 041 | 0 | |a eng | |
| 082 | 0 | |a 616.8914 | |
| 100 | 1 | |a Scharff, David E. |d 1941- | |
| 245 | 1 | 0 | |a Object relations family therapy / |c David E. Scharff, Jill Savege Scharff |
| 260 | |a London : |b Jason Aronson, |c 1987 | ||
| 300 | |a 502 p. | ||
| 650 | 0 | 0 | |a Family psychotherapy. |
| 650 | 0 | 0 | |a Object relations (Psychoanalysis) |
| 650 | 0 | 0 | |a Object Attachment. |
| 700 | 1 | |a Scharff, Jill Savege. | |
| 852 | |a INST |b RHODES |e 19970826 |h 616.8914 SCH |p 005400009723 |q 005400009723 |t BK |y 0 | ||
| 909 | |a Ρ |b 027108 |c 1993 | ||